| 000 | 00506nam a2200193Ia 4500 | ||
|---|---|---|---|
| 003 | OSt | ||
| 005 | 20250104120303.0 | ||
| 008 | 210210b1946 xxu||||| |||| 00| 0 eng d | ||
| 040 | _cAL | ||
| 041 | _aeng | ||
| 082 | _a859/2149 | ||
| 100 |
_aSITARAMA SHASTRI _942969 _dಸೀತಾರಾಮ ಶಾಸ್ತ್ರಿ |
||
| 245 |
_aDaulat-3 _b ದೌಲತ್-3 |
||
| 260 |
_aBengaluru _b- _c1946 |
||
| 650 |
_aDaulat-3 _942970 |
||
| 690 |
_aKannada Fiction _942971 |
||
| 906 | _a022862 | ||
| 942 |
_2ddc _cBK |
||
| 999 |
_c147558 _d147558 |
||